| 000 | 00649nam a2200193 a 4500 | ||
|---|---|---|---|
| 001 | BRCA_1485 | ||
| 005 | 20190320203441.0 | ||
| 008 | 050411s2005 cou#---###---#000-0#eng-# | ||
| 020 | _a0914738518 | ||
| 050 | 4 |
_aN7824.5 _b.P54 2005 |
|
| 100 | 1 |
_aPierce, Donna _d1950- _91488 |
|
| 245 | 1 | 0 |
_aExploring New World Imagery _bSpanish Colonial Papers from the 2002 Mayer Center Symposium _cedited by Donna Pierce. |
| 260 |
_aDenver, Colorado _bDenver Art Museum _c2005 |
||
| 300 |
_a157 p. _bil. a color _c23 cm. |
||
| 504 | _aBibliografía : p. 153-155 | ||
| 650 | 1 | 4 |
_aArte religioso _92845 |
| 650 | 1 | 4 |
_aArte y simbolismo cristianos _94853 |
| 942 |
_2lcc _cB |
||
| 999 |
_c1346 _d1346 |
||